[Event "Warren op (Women)"]
[Site "Warren"]
[Date "2001.12.15"]
[Round "1"]
[White "Skidmore, Jennifer M"]
[Black "Prescott, Brooke"]
[Result "1-0"]
[WhiteElo "1870"]
[BlackElo "721"]
[PlyCount "75"]
[EventDate "2001.12.15"]
[EventType "swiss"]
[EventRounds "4"]
[EventCountry "USA"]
[SourceTitle "EXT 2007"]
[Source "ChessBase"]
[SourceDate "2006.11.23"]
[SourceVersion "1"]
[SourceVersionDate "2006.11.23"]
[SourceQuality "1"]

1. e4 Nc6 2. d4 Nf6 3. e5 Ne4 4. c3 d6 5. f4 f6 6. d5 fxe5 7. dxc6 bxc6 8. fxe5 dxe5 9. Qh5+ Kd7 10. Qf5+ e6 11. Qxe4 Rb8 12. Nf3 Bd6 13. Bc4 Qf6 14. 0-0 Qg6 15. Nxe5+ Bxe5 16. Qxe5 Bb7 17. Bg5 h6 18. Bxe6+ Qxe6 19. Rd1+ Qd6 20. Qxg7+ Ke6 21. Qf6+ Kd7 22. Qe7+ Kc8 23. Rxd6 cxd6 24. Qe6+ Kc7 25. Bf4 Ba6 26. Bxd6+ Kb6 27. Qb3+ Bb5 28. Bxb8 Rf8 29. Nd2 Rxb8 30. a4 Kc5 31. Qb4+ Kd5 32. Qd4+ Ke6 33. Re1+ Kf5 34. Re5+ Kf6 35. Qd6+ Kf7 36. Re7+ Kg8 37. Qg6+ Kf8 38. Qg7# 1-0